000 00468nam a22001697a 4500
005 20251108175839.0
008 250721s1996 xx 000 0 eng d
082 1 4 _aJ/004/MEH
100 1 _aMEHTA, SUBHASH
245 1 0 _aEASY COMPUTERS :
_bBEGINNER SERIES /
264 1 _aNEW DELHI :
_bS. CHAND & COMPANY LTD,
_c1996.
300 _a3P.
650 1 7 _aCOMPUTER
653 _aاطفال مرحلة متوسطة(6-9)سنوات
942 _2ddc
_cBK
999 _c143826
_d143826